Kỹ thuật sản xuất giống và nuôi thương phẩm một số đối tượng thủy sản nước ngọt

Cuốn sách đề cập đến những nội dung cơ bản về: Kỹ thuật sản xuất giống và nuôi thương phẩm tôm càng xanh, cá tra, cá ba sa, cá bóng tượng, cá chim nước ngọt, ba ba và kỹ thuật nuôi cá bè, nuôi thâm canh cá ao theo mô hình VAC....

全面介紹

Đã lưu trong:
書目詳細資料
格式: 圖書
語言:Undetermined
出版: Hà Nội Nông nghiệp 2005
主題:
標簽: 添加標簽
沒有標簽, 成為第一個標記此記錄!
Thư viện lưu trữ: Trung tâm Học liệu Trường Đại học Cần Thơ
LEADER 00962nam a2200181Ia 4500
001 CTU_161452
008 210402s9999 xx 000 0 und d
082 |a 639.31 
082 |b K600 
245 0 |a Kỹ thuật sản xuất giống và nuôi thương phẩm một số đối tượng thủy sản nước ngọt 
245 0 |c Trung tâm Khuyến ngư Quốc gia 
260 |a Hà Nội 
260 |b Nông nghiệp 
260 |c 2005 
520 |a Cuốn sách đề cập đến những nội dung cơ bản về: Kỹ thuật sản xuất giống và nuôi thương phẩm tôm càng xanh, cá tra, cá ba sa, cá bóng tượng, cá chim nước ngọt, ba ba và kỹ thuật nuôi cá bè, nuôi thâm canh cá ao theo mô hình VAC. 
650 |a Freshwater fishes,Fish culture 
904 |i Trọng Hải 
980 |a Trung tâm Học liệu Trường Đại học Cần Thơ